[Event "Penang Mini op 2nd"]
[Site "Penang"]
[Date "2019.06.07"]
[Round "6"]
[White "Ricnesh, Ravind GN"]
[Black "Poh, Xuan Rui Ethan"]
[Result "0-1"]
[WhiteElo "1487"]
[BlackElo "2094"]
[PlyCount "112"]
[EventDate "2019.06.05"]
[EventType "swiss"]
[EventRounds "9"]
[EventCountry "MAS"]
[SourceTitle "CBM 190 Extra"]
[Source "ChessBase"]
[SourceDate "2019.07.15"]
[SourceVersion "1"]
[SourceVersionDate "2019.07.15"]
[SourceQuality "1"]

1. e4 c5 2. Nf3 Nc6 3. g3 d6 4. Bg2 Nf6 5. d3 e5 6. h3 Be7 7. Nbd2 b5 8. 0-0 h6 9. Re1 Be6 10. Nf1 Qd7 11. Kh2 g5 12. Ng1 0-0-0 13. Ne3 h5 14. a4 b4 15. c3 b3 16. c4 Nd4 17. Bd2 Ng4+ 18. hxg4 hxg4+ 19. Nh3 gxh3 20. Bf3 g4 21. Be2 Bg5 22. Nf5 Bxd2 23. Nxd4 exd4 24. Qxd2 f5 25. Qa5 Qb7 26. Qb5 fxe4 27. Qxb7+ Kxb7 28. dxe4 Rhf8 29. Rf1 Ka6 30. f4 gxf3 31. Rxf3 Rxf3 32. Bxf3 Rf8 33. Rf1 d3 34. e5 d2 35. Rd1 Rxf3 36. Rxd2 Kb7 37. exd6 Kc6 38. a5 a6 39. Kg1 Rxg3+ 40. Kh2 Rg2+ 41. Rxg2 hxg2 42. Kxg2 Kxd6 43. Kf2 Ke5 44. Ke3 Bxc4 45. Kd2 Kd4 46. Kc1 Bd3 47. Kd2 c4 48. Kc1 c3 49. Kd1 cxb2 50. Kd2 Bc2 51. Ke2 b1Q 52. Kf3 Qf1+ 53. Kg4 Qf5+ 54. Kg3 Ke3 55. Kh4 Qg6 56. Kh3 Kf3 0-1